000 00257nam a2200097Ia 4500
008 231107s1904 xx 000 0 und d
041 _aeng
100 _aHenry Mcgoodwin
245 _aArchitectural Shades & Shadows
260 _aBoston
_bBates & Guild Co.
_c1904
999 _c924142
_d924142